Mosby's dental dictionary / (Record no. 22187)
[ view plain ]
| 000 -LEADER | |
|---|---|
| fixed length control field | 01131cam a22002775a 4500 |
| 001 - CONTROL NUMBER | |
| control field | 18201889 |
| 005 - DATE AND TIME OF LATEST TRANSACTION | |
| control field | 20160823125051.0 |
| 008 - FIXED-LENGTH DATA ELEMENTS--GENERAL INFORMATION | |
| fixed length control field | 140626s2014 moua fr d 000 0 eng d |
| 010 ## - LIBRARY OF CONGRESS CONTROL NUMBER | |
| LC control number | 2014397715 |
| 020 ## - INTERNATIONAL STANDARD BOOK NUMBER | |
| International Standard Book Number | 9780323100120 (pbk.) |
| 020 ## - INTERNATIONAL STANDARD BOOK NUMBER | |
| International Standard Book Number | 0323100120 (pbk.) |
| 040 ## - CATALOGING SOURCE | |
| Original cataloging agency | DLC |
| Language of cataloging | eng |
| Modifying agency | EG-ScBUE |
| Transcribing agency | DLC |
| 042 ## - AUTHENTICATION CODE | |
| Authentication code | pcc |
| 082 04 - DEWEY DECIMAL CLASSIFICATION NUMBER | |
| Edition number | 22 |
| Classification number | 617.6003 |
| Item number | MOS |
| 245 00 - TITLE STATEMENT | |
| Title | Mosby's dental dictionary / |
| Statement of responsibility, etc | editorial board, David R. Avery [and eleven others]. |
| 246 30 - VARYING FORM OF TITLE | |
| Title proper/short title | Dental dictionary |
| 250 ## - EDITION STATEMENT | |
| Edition statement | 3rd ed. |
| 260 ## - PUBLICATION, DISTRIBUTION, ETC. (IMPRINT) | |
| Place of publication, distribution, etc | Sant Louis, Missouri : |
| Name of publisher, distributor, etc | Mosby, Inc. / Elsevier inc., |
| Date of publication, distribution, etc | 2014. |
| 300 ## - PHYSICAL DESCRIPTION | |
| Extent | xi, 791 p. : |
| Other physical details | ill. (chiefly col.) ; |
| Dimensions | 21 cm. |
| 520 ## - SUMMARY, ETC. | |
| Summary, etc | Designed for use by the entire dental team, this title includes more than 10,000 terms and 300 full-color illustrations. It features terms, more pronunciations, and extensive appendices for quick, easy-to-use access to information used daily in the clinical setting. |
| 650 #7 - SUBJECT ADDED ENTRY--TOPICAL TERM | |
| Topical term or geographic name as entry element | Dentistry |
| Form subdivision | Dictionaries. |
| Source of heading or term | BUEsh |
| 9 (RLIN) | 40808 |
| 651 ## - SUBJECT ADDED ENTRY--GEOGRAPHIC NAME | |
| Source of heading or term | BUEsh |
| 653 ## - INDEX TERM--UNCONTROLLED | |
| Resource For college | |
| Arrived date list | August 2016 |
| 700 1# - ADDED ENTRY--PERSONAL NAME | |
| Personal name | Avery, David R. |
| 9 (RLIN) | 40809 |
| Relator term | editor |
| 942 ## - ADDED ENTRY ELEMENTS (KOHA) | |
| Source of classification or shelving scheme | Dewey Decimal Classification |
| Edition | 22 |
| Call number prefix | 617.6003 MOS |
| Withdrawn status | Item status | Source of classification or shelving scheme | Damaged status | Not for loan | Vendor | Home library | Current library | Shelving location | Date acquired | Source of acquisition | Cost, normal purchase price | Serial Enumeration / chronology | Total Checkouts | Full call number | Barcode | Date last seen | Cost, replacement price | Koha item type |
|---|---|---|---|---|---|---|---|---|---|---|---|---|---|---|---|---|---|---|
| Dewey Decimal Classification | Academic Bookshop | Central Library | Central Library | Ground Floor | 21/08/2016 | Purchase | 495.50 | 9126 | 617.6003 MOS | 000033189 | 15/07/2025 | 619.38 | Reference (NB) |